[Event "4NCL Online Division 4"]
[Site "online"]
[Date "2022.01.25"]
[EventDate "2022.01.25"]
[Round "1.71"]
[White "Ursell, Richard W"]
[WhiteElo "1773"]
[WhiteTeam "Wessex Some Stars E"]
[Black "Karia, Kamlesh"]
[BlackElo "1561"]
[BlackTeam "MHJ Bishops"]
[Result "1-0"]
[PlyCount "121"]

1. b4 Nf6 2. Bb2 g6 3. Nf3 Bg7 4. c4 O-O 5. d4 d5 6. e3 c6 7. Nbd2 Na6 8. a3 Nc7 9. Be2 a5 10. O-O axb4 11. axb4 Bd7 12. Qb3 b5 13. c5 Qc8 14. Rxa8 Qxa8 15. Ra1 Qb7 16. Ne5 Ra8 17. Ndf3 Rxa1+ 18. Bxa1 Be8 19. Nd2 Nd7 20. f4 Nxe5 21. dxe5 f6 22. Nf3 Bf7 23. Qa3 Qa6 24. Qc3 h6 25. Bd3 f5 26. Nd4 Ne6 27. Nb3 Be8 28. Na5 Bd7 29. Qc2 Nd8 30. g4 Qc8 31. gxf5 Bxf5 32. Bxf5 Qxf5 33. Qxf5 gxf5 34. Kg2 e6 35. Bc3 Kf7 36. Be1 Bf8 37. Kh3 Be7 38. Bh4 Bxh4 39. Kxh4 Kg6 40. h3 h5 41. Nb3 Nf7 42. Nd4 Nd8 43. Ne2 Nb7 44. Ng3 Kh6 45. Nxh5 Nxc5 46. bxc5 b4 47. Ng3 b3 48. Ne2 b2 49. Nc3 Kg6 50. Kg3 Kh5 51. Kf2 Kg6 52. Ke2 Kh5 53. Kd2 Kh4 54. Kc2 Kxh3 55. Kxb2 Kg4 56. Kc2 Kf3 57. Kd3 Kg4 58. Ne2 Kh5 59. Nd4 Kg6 60. Nxe6 Kf7 61. Nd4 1-0

[Event "4NCL Online Division 4"]
[Site "online"]
[Date "2022.01.25"]
[EventDate "2022.01.25"]
[Round "1.72"]
[White "Goswami, Pratyush"]
[WhiteElo "1075"]
[WhiteTeam "MHJ Bishops"]
[Black "Coburn, Joseph A"]
[BlackElo "1736"]
[BlackTeam "Wessex Some Stars E"]
[Result "1-0"]
[PlyCount "123"]

1. e4 d6 2. d4 Nf6 3. Nc3 g6 4. Bg5 Bg7 5. Nf3 c6 6. Be2 Qc7 7. O-O O-O 8. h3 e5 9. Qd2 Nbd7 10. Bh6 exd4 11. Nxd4 Qb6 12. Bxg7 Kxg7 13. b3 Nc5 14. Bf3 Ne6 15. Rad1 Nxd4 16. Qxd4 Qxd4 17. Rxd4 Ne8 18. Re1 Be6 19. Ne2 Rd8 20. Red1 f5 21. e5 d5 22. Nf4 Nc7 23. c4 Rfe8 24. cxd5 cxd5 25. Bxd5 Bxd5 26. Nxd5 Ne6 27. R4d2 g5 28. Nf6 Rxd2 29. Nxe8+ Kf8 30. Rxd2 Kxe8 31. Rd6 Ke7 32. f3 h5 33. Rd2 g4 34. fxg4 fxg4 35. hxg4 hxg4 36. Kf1 Ng5 37. Rd4 Nf7 38. Rxg4 Nxe5 39. Rg7+ Nf7 40. Ke2 Kf6 41. Rg3 b6 42. Rf3+ Ke6 43. Rc3 Kd7 44. g4 a5 45. a4 Kd6 46. Ke3 Kd5 47. Kf4 Ne5 48. Kf5 Nf7 49. Rc2 Nd6+ 50. Kf6 Ne4+ 51. Kg6 Nc5 52. Rxc5+ Kxc5 53. Kf6 Kb4 54. g5 Kxb3 55. g6 Kxa4 56. g7 b5 57. g8=Q b4 58. Qa2+ Kb5 59. Ke5 a4 60. Kd5 b3 61. Qa3 Ka5 62. Kc5 1-0

[Event "4NCL Online Division 4"]
[Site "online"]
[Date "2022.01.25"]
[EventDate "2022.01.25"]
[Round "1.73"]
[White "Leeson, Chris J P"]
[WhiteElo "1728"]
[WhiteTeam "Wessex Some Stars E"]
[Black "Michener, Max"]
[BlackElo "1000"]
[BlackTeam "MHJ Bishops"]
[Result "0-1"]
[PlyCount "112"]

1. d4 f5 2. e3 e6 3. Bd3 Nf6 4. f4 b6 5. Nf3 Bb7 6. O-O g6 7. Nbd2 Bg7 8. Qe2 Ne4 9. c3 O-O 10. Bc4 d5 11. Bd3 c5 12. Ne5 Nd7 13. a4 c4 14. Bc2 g5 15. Nxd7 Qxd7 16. Nxe4 fxe4 17. fxg5 Rxf1+ 18. Qxf1 Rf8 19. Qe2 Qe7 20. h4 h6 21. gxh6 Bxh6 22. Qg4+ Kh7 23. Bd2 Qf6 24. Qg3 Rg8 25. Qf2 Qf5 26. Qxf5+ exf5 27. Bd1 Re8 28. g3 Bc6 29. b4 Rg8 30. Kh2 Be8 31. b5 Bf8 32. a5 Bd6 33. Be1 Bc7 34. axb6 Bxb6 35. Rb1 Kh6 36. Rb2 Bh5 37. Bxh5 Kxh5 38. Kh3 Rb8 39. Rf2 Rf8 40. Rf4 Rf6 41. g4+ fxg4+ 42. Rxg4 Rf3+ 43. Rg3 Bc7 44. Rxf3 exf3 45. Bg3 Ba5 46. Be1 Bc7 47. Bg3 Ba5 48. Bb8 Bxc3 49. Bxa7 Bb4 50. Bc5 Bxc5 51. dxc5 c3 52. b6 c2 53. b7 c1=Q 54. b8=Q Qh1+ 55. Kg3 Qg2+ 56. Kf4 Qh2+ 0-1

[Event "4NCL Online Division 4"]
[Site "online"]
[Date "2022.01.25"]
[EventDate "2022.01.25"]
[Round "1.74"]
[White "Man, Felix"]
[WhiteElo "940"]
[WhiteTeam "MHJ Bishops"]
[Black "Pinto, Phil B"]
[BlackElo "1723"]
[BlackTeam "Wessex Some Stars E"]
[Result "1-0"]
[PlyCount "129"]

1. e4 c5 2. Nc3 Nc6 3. Nf3 e6 4. d3 Be7 5. Bf4 d5 6. Nb5 Qa5+ 7. Nc3 Nf6 8. Bd2 Qd8 9. g3 a6 10. a4 O-O 11. Bg2 Rb8 12. O-O b5 13. axb5 axb5 14. exd5 exd5 15. Bf4 Bd6 16. Bg5 Be7 17. Bf4 Rb6 18. Bg5 h6 19. Bf4 b4 20. Ne2 Bg4 21. h3 Be6 22. d4 c4 23. Ne5 Qc8 24. Nf3 Bxh3 25. Ne5 Bxg2 26. Kxg2 Nxe5 27. dxe5 Ne4 28. Qxd5 Qc6 29. Qxc6 Rxc6 30. f3 Nc5 31. Ra5 Rfc8 32. Rb5 Ne6 33. Rd1 Nxf4+ 34. Nxf4 c3 35. b3 Rc5 36. Rd5 Rxb5 37. Rxb5 Rc5 38. Rxb4 Rxe5 39. Re4 Rxe4 40. fxe4 Bb4 41. Nd5 Ba5 42. b4 Bd8 43. Nxc3 f6 44. b5 Kf7 45. Nd5 Ke6 46. b6 Kd6 47. b7 Bc7 48. Kf3 Kc6 49. Kg4 Kxb7 50. Nxc7 Kxc7 51. Kf5 Kd6 52. Kg6 Ke5 53. Kxg7 h5 54. Kg6 Kxe4 55. Kxh5 f5 56. Kg5 Ke5 57. c4 Ke6 58. c5 f4 59. Kxf4 Kd5 60. Kf5 Kxc5 61. g4 Kd6 62. Kf6 Kd7 63. Kf7 Kd6 64. g5 Ke5 65. g6 1-0

[Event "4NCL Online Division 4"]
[Site "online"]
[Date "2022.01.25"]
[EventDate "2022.01.25"]
[Round "1.81"]
[White "Shepley, Julien M"]
[WhiteElo "1912"]
[WhiteTeam "Guildford Castles 2"]
[Black "Jenkins, Simon"]
[BlackElo "1513"]
[BlackTeam "Lerryn Clowns"]
[Result "1-0"]
[PlyCount "83"]

1. e4 e5 2. Nc3 d6 3. f4 c6 4. Nf3 f5 5. fxe5 fxe4 6. Nxe4 d5 7. Ng3 Bc5 8. d4 Bb6 9. Bd3 Ne7 10. O-O Bg4 11. c3 Nd7 12. Bg5 O-O 13. Kh1 Qe8 14. Qc2 Ng6 15. Nh4 Rxf1+ 16. Rxf1 Ndf8 17. h3 Be6 18. Nhf5 Bc7 19. Qd2 Qd7 20. Nh5 Bxf5 21. Bxf5 Ne6 22. Bf6 Qf7 23. Bxe6 Qxe6 24. Nxg7 Qd7 25. Qh6 Rf8 26. Ne6 Rf7 27. Ng5 Rxf6 28. Rxf6 Qg7 29. Qxg7+ Kxg7 30. Rf7+ Kh6 31. h4 Nxh4 32. Rxh7+ Kxg5 33. Rxc7 Kf5 34. Rxb7 Ke6 35. Rxa7 Nf5 36. Ra6 Ne7 37. a4 Kd7 38. Ra7+ Ke6 39. Rxe7+ Kxe7 40. a5 Kd7 41. a6 Kc7 42. e6 1-0

[Event "4NCL Online Division 4"]
[Site "online"]
[Date "2022.01.25"]
[EventDate "2022.01.25"]
[Round "1.82"]
[White "Young, Andy"]
[WhiteElo "1504"]
[WhiteTeam "Lerryn Clowns"]
[Black "Armiger, Paul D"]
[BlackElo "1848"]
[BlackTeam "Guildford Castles 2"]
[Result "0-1"]
[PlyCount "58"]

1. e4 c5 2. Nc3 Nc6 3. f4 d6 4. Bc4 Nf6 5. Nf3 Bg4 6. O-O g6 7. Qe1 Bxf3 8. gxf3 Bg7 9. f5 O-O 10. fxg6 hxg6 11. Qg3 Ne5 12. Be2 Nh5 13. Qh4 Bf6 14. Qf2 Nf4 15. d3 Nh3+ 16. Kh1 Nxf2+ 17. Rxf2 Nc6 18. Bh6 Bg7 19. Bxg7 Kxg7 20. Rg2 Nd4 21. Rag1 Nxe2 22. Nxe2 Rh8 23. Nf4 Rh6 24. Nd5 e6 25. Ne3 Qh4 26. Ng4 Rh7 27. f4 Rah8 28. f5 exf5 29. exf5 Qxg4 0-1

[Event "4NCL Online Division 4"]
[Site "online"]
[Date "2022.01.25"]
[EventDate "2022.01.25"]
[Round "1.83"]
[White "Jones, H Trevor"]
[WhiteElo "1768"]
[WhiteTeam "Guildford Castles 2"]
[Black "Childs, Barry B"]
[BlackElo "1384"]
[BlackTeam "Lerryn Clowns"]
[Result "0-1"]
[PlyCount "68"]

1. c4 d6 2. Nc3 Nf6 3. g3 g6 4. Bg2 c6 5. e4 Bg7 6. d4 O-O 7. Nge2 e5 8. dxe5 dxe5 9. O-O Be6 10. b3 Qe7 11. Bb2 Na6 12. Qc2 Nb4 13. Qb1 Rfd8 14. Ba3 Rd7 15. Rd1 Rad8 16. Rxd7 Rxd7 17. Qf1 Bf8 18. Rd1 Qd8 19. Rxd7 Qxd7 20. Qd1 Qxd1+ 21. Nxd1 Nxa2 22. Bb2 Bd6 23. f4 Nd7 24. Ne3 Bc5 25. Kf2 Nb4 26. Kf3 Nd3 27. Bc3 h5 28. f5 gxf5 29. exf5 Nf6 30. g4 Bd7 31. g5 e4+ 32. Kg3 Bxe3 33. Bxf6 Bf2+ 34. Kh3 Bxf5# 0-1

[Event "4NCL Online Division 4"]
[Site "online"]
[Date "2022.01.25"]
[EventDate "2022.01.25"]
[Round "1.84"]
[White "Jenkins, David R"]
[WhiteElo "1398"]
[WhiteTeam "Lerryn Clowns"]
[Black "Tzanidakis, Michail"]
[BlackElo "1734"]
[BlackTeam "Guildford Castles 2"]
[Result "0-1"]
[PlyCount "68"]

1. e4 c5 2. Nc3 Nc6 3. f4 g6 4. Bc4 e6 5. d3 Bg7 6. Nf3 Nge7 7. O-O a6 8. Qe1 Nd4 9. Nxd4 cxd4 10. Ne2 d5 11. exd5 Nxd5 12. Bxd5 Qxd5 13. f5 gxf5 14. b3 O-O 15. Qh4 e5 16. Bh6 Bxh6 17. Qxh6 Qe6 18. Qh4 Bd7 19. Rae1 Qg6 20. Ng3 Rae8 21. h3 f6 22. Rf3 Kh8 23. Ref1 Rg8 24. R1f2 Bc6 25. Rxf5 Qxg3 26. Qxf6+ Qg7 27. Rg5 Qxf6 28. Rxg8+ Rxg8 29. Rxf6 Rxg2+ 30. Kf1 Rxc2 31. Re6 Rd2 32. Rxe5 Rxd3 33. h4 Re3 34. Kf2 Rxe5 0-1

[Event "4NCL Online Division 4"]
[Site "online"]
[Date "2022.01.25"]
[EventDate "2022.01.25"]
[Round "1.91"]
[White "Moore, Gillian A"]
[WhiteElo "1712"]
[WhiteTeam "Wessex Some Stars F"]
[Black "Chung, Vince"]
[BlackElo "1417"]
[BlackTeam "Colchester JFF B"]
[Result "1-0"]
[PlyCount "83"]

1. d4 c6 2. Nc3 d5 3. e4 e6 4. Bd3 Bb4 5. Ne2 Ne7 6. O-O b6 7. a3 Bxc3 8. Nxc3 c5 9. Bb5+ Nec6 10. dxc5 d4 11. Bxc6+ Nxc6 12. Ne2 Ba6 13. Re1 Ne5 14. Bf4 Ng6 15. Bd6 bxc5 16. Bxc5 e5 17. c3 Rc8 18. cxd4 exd4 19. Qa4+ Qd7 20. Qxd7+ Kxd7 21. Bxd4 Rcd8 22. Bxg7 Rhg8 23. Bf6 Rde8 24. Red1+ Ke6 25. Ng3 Kxf6 26. Rd7 Re7 27. Rad1 Rc8 28. R7d2 Nf4 29. f3 h5 30. Nf5 Re6 31. h4 Be2 32. Re1 Rg8 33. Rexe2 Nxe2+ 34. Rxe2 Ke5 35. g3 Rgg6 36. Kf2 a5 37. f4+ Kf6 38. Nd4 Re8 39. e5+ Kg7 40. Rd2 Rd8 41. Nf5+ Kf8 42. Rxd8# 1-0

[Event "4NCL Online Division 4"]
[Site "online"]
[Date "2022.01.25"]
[EventDate "2022.01.25"]
[Round "1.92"]
[White "Catabay, Rezin C"]
[WhiteElo "1347"]
[WhiteTeam "Colchester JFF B"]
[Black "Pittman, Frank J"]
[BlackElo "1689"]
[BlackTeam "Wessex Some Stars F"]
[Result "1/2-1/2"]
[PlyCount "143"]

1. c3 d5 2. d4 g6 3. Nf3 Bg7 4. c4 c6 5. cxd5 cxd5 6. Nc3 Nf6 7. e3 O-O 8. Be2 Nc6 9. O-O Bf5 10. Bd3 Bxd3 11. Qxd3 Rc8 12. a3 a6 13. b4 Re8 14. Bb2 b5 15. Ne5 e6 16. Rac1 Nxe5 17. dxe5 Ng4 18. f4 Qh4 19. h3 Nh6 20. e4 dxe4 21. Nxe4 Rxc1 22. Bxc1 Nf5 23. Ng5 h5 24. Qd7 Rf8 25. Qd3 Bh6 26. Ne4 Rd8 27. Qb1 Qe7 28. Nf6+ Kh8 29. Kh2 Qc7 30. Qe4 Bg7 31. Bb2 Ne7 32. Rc1 Qb8 33. Bd4 Nd5 34. g4 Bh6 35. Nxd5 Rxd5 36. Rc5 f5 37. gxf5 gxf5 38. Qc2 Bxf4+ 39. Kh1 Rxc5 40. Qxc5 Qb7+ 41. Kg1 Qg7+ 42. Kf1 Kh7 43. Qd6 h4 44. Qxe6 Qg6 45. Qe7+ Kg8 46. Qd8+ Kh7 47. Qxh4+ Bh6 48. Qe7+ Bg7 49. Kf2 f4 50. Qh4+ Kg8 51. Qxf4 Qc2+ 52. Kf3 Qd1+ 53. Kg2 Qc2+ 54. Bf2 Qc6+ 55. Kh2 Qd5 56. Bd4 Qa2+ 57. Kg3 Qxa3+ 58. Be3 Qc3 59. Kg4 Qxe5 60. Qxe5 Bxe5 61. h4 Bc3 62. Bc5 a5 63. bxa5 Bxa5 64. Bd4 b4 65. h5 Kh7 66. Bf6 Bb6 67. Kf4 Bf2 68. Ke4 Kh6 69. Kd3 Kxh5 70. Kc4 Be1 71. Be7 Kg4 72. Bxb4 1/2-1/2

[Event "4NCL Online Division 4"]
[Site "online"]
[Date "2022.01.25"]
[EventDate "2022.01.25"]
[Round "1.93"]
[White "Doyle, Jamie"]
[WhiteElo "1684"]
[WhiteTeam "Wessex Some Stars F"]
[Black "Balaggan, Karam S"]
[BlackElo "1315"]
[BlackTeam "Colchester JFF B"]
[Result "1-0"]
[PlyCount "53"]

1. e4 e5 2. Nf3 Nc6 3. Bc4 Nf6 4. d3 Bc5 5. O-O O-O 6. Bg5 h6 7. Bh4 d6 8. h3 b6 9. c3 Bb7 10. b4 Nxb4 11. cxb4 Bxb4 12. Qb3 Bc5 13. Nc3 c6 14. a4 a6 15. Qc2 b5 16. Bb3 Re8 17. Ne2 Bb6 18. Qc1 d5 19. Ng3 dxe4 20. Nxe4 c5 21. Nxf6+ gxf6 22. Qxh6 Re6 23. Bxe6 fxe6 24. Bxf6 Qd7 25. Qh8+ Kf7 26. Qh7+ Ke8 27. Qg8# 1-0

[Event "4NCL Online Division 4"]
[Site "online"]
[Date "2022.01.25"]
[EventDate "2022.01.25"]
[Round "1.94"]
[White "Beer, James"]
[WhiteElo "1275"]
[WhiteTeam "Colchester JFF B"]
[Black "Blanden, Edward"]
[BlackElo "1648"]
[BlackTeam "Wessex Some Stars F"]
[Result "0-1"]
[PlyCount "44"]

1. e4 c6 2. Nf3 d5 3. e5 Bg4 4. d4 e6 5. h3 Bh5 6. Bg5 Bxf3 7. Bxd8 Bxd1 8. Bh4 Bxc2 9. Be2 Bxb1 10. Rxb1 Bb4+ 11. Kf1 Ne7 12. a3 Nf5 13. Bd8 Kxd8 14. axb4 Nxd4 15. Bh5 g6 16. Rd1 Nc2 17. Bf3 Nd7 18. Ke2 Nxb4 19. Rd4 c5 20. Rf4 Nxe5 21. g4 Ke7 22. Rc1 Nbd3 0-1

[Event "4NCL Online Division 4"]
[Site "online"]
[Date "2022.01.25"]
[EventDate "2022.01.25"]
[Round "1.101"]
[White "Constable, Christine F"]
[WhiteElo "1415"]
[WhiteTeam "Bude Beach Surfers"]
[Black "Brusey, Alan W"]
[BlackElo "2056"]
[BlackTeam "Jurassic Coast"]
[Result "1/2-1/2"]
[PlyCount "179"]

1. d4 d5 2. Nf3 Nc6 3. e3 Bg4 4. h3 Bxf3 5. Qxf3 e5 6. Bb5 e4 7. Qd1 Nf6 8. Nd2 a6 9. Bxc6+ bxc6 10. O-O c5 11. b3 cxd4 12. exd4 Bd6 13. c4 c6 14. Bb2 O-O 15. cxd5 cxd5 16. Rc1 Rc8 17. Qe2 Qa5 18. a4 Bf4 19. Rfd1 g6 20. Ba3 Rxc1 21. Bxc1 Bd6 22. Bb2 Bb4 23. Nf1 Rc8 24. Rc1 Rxc1 25. Bxc1 Qb6 26. Bg5 a5 27. Qe3 Ba3 28. Qc3 Kg7 29. Ne3 Qd8 30. Ng4 Be7 31. Bh6+ Kg8 32. Ne5 Bf8 33. Bg5 Kg7 34. Qc6 Qd6 35. Bh6+ Kg8 36. Bxf8 Qxc6 37. Nxc6 Kxf8 38. Nxa5 Ke7 39. Nc6+ Ke8 40. a5 Nd7 41. Nb4 Kd8 42. Nxd5 f5 43. b4 Kc8 44. a6 Kb8 45. b5 Ka7 46. Kf1 Nf8 47. Ke2 Ne6 48. Ke3 Ng7 49. Nb4 Ne8 50. Nc6+ Kb6 51. a7 Nc7 52. d5 Nxd5+ 53. Kd4 Nc7 54. Kc4 f4 55. Kd4 Nxb5+ 56. Kxe4 Nc7 57. Ne5 Kxa7 58. Kxf4 Ne6+ 59. Kg4 Kb7 60. f4 Kc7 61. Nf7 Kd7 62. Ng5 Nf8 63. f5 Ke7 64. Ne4 Kf7 65. fxg6+ hxg6 66. Ng5+ Kg7 67. h4 Nd7 68. Ne6+ Kh6 69. g3 Nf6+ 70. Kf4 Nh5+ 71. Kf3 Nf6 72. g4 Nd7 73. Kf4 Kh7 74. Kg5 Ne5 75. Nf4 Kg7 76. Ne6+ Kf7 77. Nd4 Kg7 78. h5 gxh5 79. gxh5 Nf7+ 80. Kg4 Kh7 81. Ne6 Nh6+ 82. Kg5 Nf7+ 83. Kf6 Kh6 84. Ng7 Ng5 85. Kf5 Kxg7 86. Kxg5 Kh7 87. h6 Kh8 88. Kg6 Kg8 89. h7+ Kh8 90. Kh6 1/2-1/2

[Event "4NCL Online Division 4"]
[Site "online"]
[Date "2022.01.25"]
[EventDate "2022.01.25"]
[Round "1.102"]
[White "Li, Ethan"]
[WhiteElo "1851"]
[WhiteTeam "Jurassic Coast"]
[Black "Russell, Lloyd"]
[BlackElo "1323"]
[BlackTeam "Bude Beach Surfers"]
[Result "1-0"]
[PlyCount "79"]

1. e4 c6 2. d4 d5 3. exd5 cxd5 4. Bd3 Nf6 5. c3 e6 6. Bf4 Be7 7. Nf3 Nbd7 8. Nbd2 b6 9. O-O a5 10. Qe2 O-O 11. h3 Nh5 12. Bh2 Bb7 13. a4 Qc8 14. Ne5 Nhf6 15. f4 Ba6 16. Rae1 Bxd3 17. Nxd3 Bd6 18. Ne5 Qe8 19. Kh1 Rc8 20. f5 Nb8 21. fxe6 Qxe6 22. Qb5 Nbd7 23. Nxd7 Qxd7 24. Qxd7 Nxd7 25. Bxd6 Rfd8 26. Bh2 Nf6 27. Be5 Nd7 28. g4 f6 29. Bg3 Kf7 30. Nf3 Kg6 31. h4 h5 32. g5 fxg5 33. Nxg5 Nf6 34. Be5 Rc4 35. Bxf6 gxf6 36. Re6 Rf8 37. Nh3 Rxa4 38. Rxb6 Ra2 39. Nf4+ Kh6 40. Nxd5 1-0

[Event "4NCL Online Division 4"]
[Site "online"]
[Date "2022.01.25"]
[EventDate "2022.01.25"]
[Round "1.103"]
[White "Haynes, Indigo"]
[WhiteElo "1075"]
[WhiteTeam "Bude Beach Surfers"]
[Black "Gosling, Brian G E"]
[BlackElo "1857"]
[BlackTeam "Jurassic Coast"]
[Result "0-1"]
[PlyCount "120"]

1. e4 d5 2. exd5 Nf6 3. Nc3 Nxd5 4. Bc4 Nb6 5. d3 Bf5 6. Qf3 e6 7. Bf4 c6 8. O-O-O h5 9. h3 N8d7 10. Ne4 Nf6 11. Bg5 Be7 12. Ne2 Nxe4 13. Bxe7 Qxe7 14. dxe4 Qg5+ 15. Nf4 Bh7 16. h4 Qh6 17. e5 Nxc4 18. Rhe1 Bf5 19. Rd4 Nb6 20. Kb1 g5 21. hxg5 Qxg5 22. b4 Nd5 23. Nxd5 cxd5 24. Kb2 Rc8 25. Rc1 O-O 26. c4 Be4 27. Qg3 Qxg3 28. fxg3 Bxg2 29. c5 Bf3 30. b5 Rc7 31. b6 axb6 32. cxb6 Rxc1 33. Kxc1 Rc8+ 34. Kd2 Rc6 35. Rb4 d4 36. Kd3 Rc1 37. Rxd4 Rd1+ 38. Ke3 Rxd4 39. Kxd4 Bc6 40. Kc5 Kg7 41. Kd6 Kf8 42. Kc7 f5 43. exf6 e5 44. a4 e4 45. a5 Bd5 46. a6 bxa6 47. b7 Bxb7 48. Kxb7 a5 49. Kc7 a4 50. Kd7 e3 51. Ke6 e2 52. f7 e1=Q+ 53. Kf6 Qf1+ 54. Kg5 Qxf7 55. g4 hxg4 56. Kxg4 Ke7 57. Kg5 Ke6 58. Kh6 Qg8 59. Kh5 Kf5 60. Kh6 Qg6# 0-1

[Event "4NCL Online Division 4"]
[Site "online"]
[Date "2022.01.25"]
[EventDate "2022.01.25"]
[Round "1.104"]
[White "Gouveia Wasques, Danilo"]
[WhiteElo "1704"]
[WhiteTeam "Jurassic Coast"]
[Black "Ongley, Kieran M"]
[BlackElo "846"]
[BlackTeam "Bude Beach Surfers"]
[Result "1-0"]
[PlyCount "49"]

1. e4 e5 2. Nf3 Nc6 3. Bc4 Bc5 4. Nc3 Nf6 5. d3 d6 6. Bg5 O-O 7. Nd5 Ng4 8. Bxd8 Nxd8 9. O-O Be6 10. Nxc7 Rc8 11. Nxe6 Nxe6 12. Bxe6 fxe6 13. c3 d5 14. exd5 exd5 15. Qb3 Rcd8 16. h3 Nf6 17. Nxe5 b6 18. d4 Bd6 19. Rae1 Rde8 20. f4 Nh5 21. Qxd5+ Kh8 22. Nf7+ Kg8 23. Nh6+ Kh8 24. Qg8+ Rxg8 25. Nf7# 1-0

[Event "4NCL Online Division 4"]
[Site "online"]
[Date "2022.01.25"]
[EventDate "2022.01.25"]
[Round "1.111"]
[White "Ross, David C"]
[WhiteElo "1740"]
[WhiteTeam "War & Piece Nimrod"]
[Black "Cepoi, Gesneria-Codruta"]
[BlackElo "1404"]
[BlackTeam "Uxbridge D"]
[Result "0-1"]
[PlyCount "68"]

1. e4 c6 2. c4 e5 3. Nf3 d6 4. Nc3 Nd7 5. d4 Be7 6. Be2 Ngf6 7. O-O O-O 8. dxe5 dxe5 9. b3 Bb4 10. Qc2 Re8 11. Rd1 Qc7 12. Bb2 b6 13. a3 Bxc3 14. Bxc3 Bb7 15. Nd2 Nc5 16. f3 Rad8 17. b4 Na6 18. Nf1 c5 19. b5 Nb8 20. Ne3 Nbd7 21. Nd5 Nxd5 22. cxd5 Qd6 23. a4 Rc8 24. a5 bxa5 25. Rxa5 c4 26. Rxa7 Qb6+ 27. Kf1 Qxa7 28. Ra1 Qb6 29. Qa4 Ra8 30. Ba5 Qd4 31. Rd1 Nc5 32. Qa3 Nd3 33. Bxd3 cxd3 34. Rxd3 Rxa5 0-1

[Event "4NCL Online Division 4"]
[Site "online"]
[Date "2022.01.25"]
[EventDate "2022.01.25"]
[Round "1.112"]
[White "Martellotta, Gabriele"]
[WhiteElo "1373"]
[WhiteTeam "Uxbridge D"]
[Black "Morrison, Munroe L"]
[BlackElo "1633"]
[BlackTeam "War & Piece Nimrod"]
[Result "1/2-1/2"]
[PlyCount "32"]

1. d4 g6 2. c4 Bg7 3. Nc3 c5 4. Nf3 cxd4 5. Nxd4 Nc6 6. e3 Nf6 7. Be2 O-O 8. O-O b6 9. Bf3 Bb7 10. Rb1 Qc8 11. Nd5 Nxd5 12. Bxd5 Nxd4 13. Bxb7 Qxb7 14. exd4 d5 15. b3 dxc4 16. bxc4 Qe4 1/2-1/2

[Event "4NCL Online Division 4"]
[Site "online"]
[Date "2022.01.25"]
[EventDate "2022.01.25"]
[Round "1.113"]
[White "Dray-Pearce, Tristan"]
[WhiteElo "1578"]
[WhiteTeam "War & Piece Nimrod"]
[Black "Jebananthan, Jeshan"]
[BlackElo "1245"]
[BlackTeam "Uxbridge D"]
[Result "1-0"]
[PlyCount "31"]

1. d4 d5 2. Bf4 Nc6 3. e3 Bf5 4. c4 Nf6 5. Nc3 e6 6. Nf3 Bb4 7. Qb3 Ne4 8. a3 Ba5 9. Rc1 b6 10. cxd5 exd5 11. Bb5 Qd7 12. Ne5 Bxc3+ 13. bxc3 Na5 14. Bxd7+ Bxd7 15. Qxd5 O-O-O 16. Qa8# 1-0

[Event "4NCL Online Division 4"]
[Site "online"]
[Date "2022.01.25"]
[EventDate "2022.01.25"]
[Round "1.114"]
[White "Peddireddi, Satya"]
[WhiteElo "1001"]
[WhiteTeam "Uxbridge D"]
[Black "Chapman, Chas"]
[BlackElo "1545"]
[BlackTeam "War & Piece Nimrod"]
[Result "0-1"]
[PlyCount "58"]

1. e4 c5 2. Nc3 d6 3. h3 g6 4. Nf3 Bg7 5. Bb5+ Bd7 6. Qe2 Nf6 7. e5 dxe5 8. Nxe5 a6 9. Bc4 O-O 10. d3 Nc6 11. Nxc6 Bxc6 12. f3 Qc7 13. Be3 Nh5 14. Qd2 Ng3 15. Rg1 Nf5 16. Bf2 b5 17. Bxf7+ Rxf7 18. O-O-O Bh6 19. Qxh6 Nxh6 20. Bxc5 Bxf3 21. gxf3 Qxc5 22. Rge1 Qh5 23. d4 Qxh3 24. Nd5 e6 25. Nb4 a5 26. d5 axb4 27. dxe6 Re7 28. Rh1 Qxf3 29. Rxh6 Qe3+ 0-1

[Event "4NCL Online Division 4"]
[Site "online"]
[Date "2022.01.25"]
[EventDate "2022.01.25"]
[Round "1.121"]
[White "Trudeau, Gary"]
[WhiteElo "1745"]
[WhiteTeam "Calstock Killers"]
[Black "Allan, John M"]
[BlackElo "1817"]
[BlackTeam "Hebden Bridge 2"]
[Result "0-1"]
[PlyCount "36"]

1. e4 c5 2. Nc3 a6 3. Nf3 d6 4. a4 Nc6 5. d4 cxd4 6. Nxd4 Nf6 7. Be2 e6 8. Be3 Be7 9. O-O Bd7 10. f4 Rc8 11. Nxc6 Bxc6 12. e5 dxe5 13. fxe5 Nd7 14. Bd4 O-O 15. Bg4 Qa5 16. Re1 Rfd8 17. Qe2 Nf8 18. Qe3 Rxd4 0-1

[Event "4NCL Online Division 4"]
[Site "online"]
[Date "2022.01.25"]
[EventDate "2022.01.25"]
[Round "1.122"]
[White "Hill, Ollie"]
[WhiteElo "1620"]
[WhiteTeam "Hebden Bridge 2"]
[Black "Henderson, Jason"]
[BlackElo "1688"]
[BlackTeam "Calstock Killers"]
[Result "0-1"]
[PlyCount "66"]

1. e4 e6 2. c4 d5 3. cxd5 exd5 4. Qb3 c6 5. exd5 cxd5 6. Nc3 Nf6 7. Bb5+ Nc6 8. d4 Be7 9. Bg5 Be6 10. Nf3 O-O 11. O-O-O Rc8 12. h3 Na5 13. Qc2 a6 14. Bxf6 Bxf6 15. Bd3 g6 16. Kb1 b5 17. Qd2 b4 18. Na4 b3 19. Nc5 bxa2+ 20. Kxa2 Nc4 21. Nxe6 fxe6 22. Bxc4 Rxc4 23. Rc1 Ra4+ 24. Kb1 Qb6 25. Rhd1 Rb8 26. Ne5 Bxe5 27. dxe5 Qb3 28. Qc3 Qa2+ 29. Kc2 Rc4 30. Qxc4 Qxb2+ 31. Kd3 dxc4+ 32. Ke4 Qb7+ 33. Ke3 Qxg2 0-1

[Event "4NCL Online Division 4"]
[Site "online"]
[Date "2022.01.25"]
[EventDate "2022.01.25"]
[Round "1.123"]
[White "Hill, Michael"]
[WhiteElo "1701"]
[WhiteTeam "Calstock Killers"]
[Black "Kerrane, John"]
[BlackElo "1632"]
[BlackTeam "Hebden Bridge 2"]
[Result "0-1"]
[PlyCount "118"]

1. Nf3 Nf6 2. c4 e6 3. d4 d5 4. e3 c6 5. Nbd2 Bd6 6. a3 O-O 7. c5 Bc7 8. Be2 Nbd7 9. b4 b6 10. Bb2 Re8 11. O-O e5 12. cxb6 axb6 13. Qc2 Bb7 14. dxe5 Nxe5 15. Nxe5 Bxe5 16. Bxe5 Rxe5 17. Nf3 Re7 18. Rfd1 Rc8 19. Qb2 Qc7 20. Rac1 Qd6 21. Nd4 g6 22. Bf3 Qe5 23. Qa1 c5 24. Ne2 Qxa1 25. Rxa1 Ne4 26. Bxe4 Rxe4 27. bxc5 bxc5 28. Nc3 Re5 29. Rab1 Bc6 30. Rb6 d4 31. exd4 cxd4 32. Na2 Ba4 33. Rf1 Rd8 34. Nb4 d3 35. Nxd3 Rxd3 36. Ra1 Rxa3 37. Rbb1 Rxa1 38. Rxa1 Rd5 39. g3 Rd1+ 40. Rxd1 Bxd1 41. f4 f5 42. Kf2 Kf7 43. Ke3 Ke6 44. Kd4 Kd6 45. Kc4 Bf3 46. Kd4 Bd5 47. Ke3 Kc5 48. Kd3 Be4+ 49. Ke3 Kc4 50. g4 Kc3 51. gxf5 Bxf5 52. h4 Kc2 53. Kd4 Kd2 54. Ke5 Ke3 55. h5 Bc2 56. f5 Bxf5 57. h6 Bc2 58. Kf6 Kf4 59. Kg7 g5 0-1

[Event "4NCL Online Division 4"]
[Site "online"]
[Date "2022.01.25"]
[EventDate "2022.01.25"]
[Round "1.124"]
[White "Marsden, Christopher"]
[WhiteElo "1579"]
[WhiteTeam "Hebden Bridge 2"]
[Black "Kirkman, Nigel J"]
[BlackElo "1692"]
[BlackTeam "Calstock Killers"]
[Result "0-1"]
[PlyCount "102"]

1. e4 e6 2. d4 d5 3. Nc3 Nf6 4. Bd3 dxe4 5. Bxe4 Bb4 6. Bf3 Nd5 7. Ne2 c6 8. O-O O-O 9. a3 Bd6 10. Nxd5 cxd5 11. Qd3 b6 12. b3 Ba6 13. Qe3 Bxe2 14. Qxe2 Nc6 15. Rd1 Rc8 16. g3 Re8 17. Bg2 Ne7 18. Bh3 Qc7 19. Ra2 Nf5 20. Qd3 g6 21. Bf1 h5 22. c4 h4 23. f4 Nxd4 24. Be3 Nf5 25. Bf2 hxg3 26. hxg3 dxc4 27. Qxc4 Qxc4 28. Bxc4 Bc5 29. Bxc5 Rxc5 30. Rd3 b5 31. Bxb5 Rxb5 32. Rad2 Rd5 33. Kf2 Rxd3 34. Rxd3 Re7 35. g4 Nh6 36. g5 Nf5 37. b4 e5 38. fxe5 Rxe5 39. Kf3 a5 40. Kf4 Rb5 41. bxa5 Rxa5 42. Rb3 Ng7 43. Ke4 Ne6 44. Kd3 Nc5+ 45. Kc4 Nxb3 46. Kxb3 Rxg5 47. a4 Re5 48. Kb4 g5 49. a5 g4 50. a6 g3 51. a7 Re8 0-1

[Event "4NCL Online Division 4"]
[Site "online"]
[Date "2022.01.25"]
[EventDate "2022.01.25"]
[Round "1.131"]
[White "Amos, Michael"]
[WhiteElo "1877"]
[WhiteTeam "Farnham B"]
[Black "Hart-Davis, Adam"]
[BlackElo "1701"]
[BlackTeam "Plymouth 2"]
[Result "1-0"]
[PlyCount "51"]

1. e4 d5 2. exd5 Qxd5 3. Nc3 Qa5 4. d4 c6 5. Nf3 Nf6 6. Bc4 Bf5 7. O-O e6 8. Bf4 Bb4 9. Bd2 Qc7 10. Na4 Bd6 11. Nc3 Nbd7 12. Re1 O-O-O 13. Na4 Nd5 14. Bxd5 exd5 15. b4 h6 16. Nc5 g5 17. Qc1 Rde8 18. c4 Rxe1+ 19. Qxe1 Bg4 20. Nxd7 Kxd7 21. c5 Bf4 22. Bxf4 Qxf4 23. Ne5+ Kc7 24. Nxg4 Qxg4 25. Qe5+ Kc8 26. Qxh8+ 1-0